|
|
|
|
| LEADER |
00000nam a2200000 a 4500 |
| 001 |
vtls001452474 |
| 003 |
SK-MaSNL |
| 005 |
20260302002305.0 |
| 008 |
240318s2002 xo a g 000 0 slo |
| 015 |
|
|
|a SNBA2003/09-03408
|
| 020 |
|
|
|a 8088850533
|
| 035 |
|
|
|a SNK000407781
|
| 035 |
|
|
|a urn:nbn:sk:snk-amluac
|
| 035 |
|
|
|a urn:nbn:sk:snk-am00ccuf
|
| 035 |
|
|
|a 559C951A-E05F-4214-87E1-1FA04AD4867A
|
| 040 |
|
|
|a SNK
|b slo
|c SNK
|e AACR2
|
| 041 |
|
|
|a slo
|
| 044 |
|
|
|a xo
|c SK
|
| 072 |
|
7 |
|a 628
|x Zdravotná technika. Úprava vody. Odpadové hospodárstvo. Svetelná technika
|2 konspekt
|
| 072 |
|
7 |
|a 502
|x Životné prostredie a jeho ochrana
|2 konspekt
|
| 080 |
|
|
|a 628.4
|2 2001
|
| 080 |
|
|
|a 628.3/.5
|2 2001
|
| 080 |
|
|
|a 502/504
|2 2001
|
| 080 |
|
|
|a 371.3
|2 2001
|
| 080 |
|
|
|a (075.2)
|2 2001
|
| 080 |
|
|
|a (072)
|2 2001
|
| 100 |
1 |
|
|a Tichá, Ester
|4 aut
|9 9621
|
| 245 |
1 |
0 |
|a Odpad
|b teoretická a metodická príručka pre učiteľov základných škôl : pracovné listy pre žiakov základných škôl
|c Ester Tichá, Radoslava Kanianska
|
| 250 |
|
|
|a [1. vyd.]
|
| 260 |
|
|
|a Banská Bystrica
|b Slovenská agentúra životného prostredia
|c 2002
|
| 300 |
|
|
|a 25 s.
|b Ilustr. Tab.
|c 29 cm
|e 72 s. príl.
|
| 490 |
1 |
|
|a Environmentálne minimun
|
| 500 |
|
|
|a Vyd. v spolupráci s Ministerstvom školstva SR
|
| 500 |
|
|
|a 1 zložka a voľné listy v prebale
|
| 504 |
|
|
|a Bibliogr. s. 23
|
| 506 |
|
|
|a 3000 výtl.
|
| 650 |
0 |
7 |
|a komunálny odpad
|2 SNKPH
|9 3934
|
| 650 |
0 |
7 |
|a odpadové hospodárstvo
|2 SNKPH
|9 3603
|
| 650 |
0 |
7 |
|a životné prostredie
|2 SNKPH
|9 786
|
| 650 |
0 |
7 |
|a vyučovanie
|2 SNKPH
|9 1522
|
| 650 |
0 |
7 |
|a ochrana životného prostredia
|2 SNKPH
|9 3352
|
| 655 |
|
7 |
|a učebnice základných škôl
|2 SNKPH
|9 70187
|
| 655 |
|
7 |
|a metodické príručky
|2 SNKPH
|9 70250
|
| 700 |
1 |
|
|a Kanianska, Radoslava,
|d 1967-
|4 aut
|9 253957
|
| 830 |
|
0 |
|a Environmentálne minimum
|9 530698
|
| 919 |
|
|
|a 80-88850-53-3
|
| 968 |
|
|
|d 62
|
| 999 |
|
|
|c 987397
|d 989327
|
| 952 |
|
|
|a SNK
|b SNK
|y PREZ
|7 0
|p 17A0382171
|o snkSB 66595 D1
|i snkKSP 5351/2003
|3 Obsahuje: Brožúru 27 str., 36 voľných listov
|0 0
|1 0
|4 0
|d 2003-04-28
|l 0
|r 2005-01-02 00:00:00
|w 2026-02-24
|
| 952 |
|
|
|t P60, <03>, [BOOK], {603}
|a SNK
|b SNK
|y PREZ
|7 0
|p 17A0382170
|o snkSB 66595
|i snkKSP 5350/2003
|0 0
|1 0
|4 0
|d 2003-04-28
|f 1
|l 0
|r 2025-04-17 00:00:00
|w 2026-02-24
|